Female Characters Sorting Gallery Quiz Stats

Quiz Updated Oct 20, 2015

Challenge
Share
Tweet
Embed
Score 0/36 Timer 08:00
77 Plays Today
% Correct
Hermione Granger
94.7%
Ginny Weasley
93.6%
Ophelia
93.2%
Lady Macbeth
92.6%
Minerva McGonagall
89.4%
Bellatrix Lestrange
88.8%
Luna Lovegood
87.3%
Cersei Lannister
86.5%
Daenerys Targaryen
86.5%
Arya Stark
85.7%
Cordelia
85%
Brienne of Tarth
84.5%
Portia
84.3%
Titania
82.9%
Fleur Delacour
82.7%
Clara Copperfield
82.4%
Desdemona
81.9%
Daisy Buchanan
80.2%
% Correct
Elizabeth Bennet
78.7%
Veruca Salt
77.3%
Violet Beauregarde
74.4%
Sybill Trelawney
73.3%
Lavinia
73%
Matilda Wormwood
72.4%
Ygritte
71.8%
Melisandre
70.4%
Perdita
70.1%
Estella Havisham
69.5%
Kate Nickleby
66.5%
Jordan Baker
58.9%
Amy Dorrit
57.9%
Fantine
57%
Madame Defarge
53.6%
Myrtle Wilson
53.2%
Marianne Dashwood
50.8%
Nicole Diver
43.4%

You're not logged in!

Compare scores with friends on all Sporcle quizzes.
Sign Up with Email
OR
Log In

You Might Also Like...

Show Comments

Extras

Top Quizzes Today


Score Distribution

Your Account Isn't Verified!

In order to create a playlist on Sporcle, you need to verify the email address you used during registration. Go to your Sporcle Settings to finish the process.